| 000 | 01383nam a2200325 i 4500 | ||
|---|---|---|---|
| 001 | 16986 | ||
| 003 | ES-MaACL | ||
| 005 | 20250624062846.0 | ||
| 007 | t| | ||
| 008 | 001127s1959 sp ||||1| spa d | ||
| 080 | _a75 Guinovart, Josep (064.39 | ||
| 100 | 1 |
_aGuinovart, Josep. _960869 |
|
| 245 | 1 | 0 |
_aGuinovart _b: [exposición, Sala del Prado del Ateneo de Madrid, 3-16 de abril de 1959] / _c[texto de] C. Rodríguez-Aguilera. |
| 260 |
_aMadrid : _bAteneo, _c1959. |
||
| 300 |
_a[32] p. : _bprincipalmente il. n. ; _c22 cm. |
||
| 490 | 1 |
_aCuadernos de arte. Colección ordinaria ; _v45 |
|
| 600 | 0 | 4 |
_aGuinovart, Josep _960869 |
| 610 | 2 | 4 |
_aAteneo de Madrid- _vExposiciones- _y1950-1959 _91919 |
| 610 | 2 |
_aAteneo de Madrid- _vObras digitalizadas. _91930 |
|
| 655 | 7 |
_2tgfbne _9193628 _aCatálogos de exposiciones |
|
| 700 | 1 |
_aRodríguez Aguilera, Cesáreo. _998320 |
|
| 710 | 2 |
_aAteneo de Madrid. _bSala del Prado. _91965 |
|
| 830 | 0 |
_aCuadernos de arte. Colección ordinaria _v45 _9180064 |
|
| 852 |
_aES-MaACL _j2160-F-18 _bR.129356 _cDEPOF _zRevisado enlace: 21 de Abril de 2025 |
||
| 852 |
_aES-MaACL _j2190-F-6 _bR.136039 _cDEPOF _zRevisado enlace: 21 de Abril de 2025 |
||
| 852 |
_aES-MaACL _jG-13294(5) _cSPP3 |
||
| 856 | 4 |
_uhttp://www.ateneodemadrid.com/biblioteca_digital/folletos/CACo-045.pdf _yVer documento |
|
| 942 | _2udc | ||
| 999 |
_c16986 _d16986 |
||